000 00577nam a2200241Ia 4500
003 OSt
005 20220924152448.0
006 a|||||r|||| 00| 0
007 ta
008 220923b |||||||| |||| 00| 0 mar d
020 _c1.00
024 _a342574
037 _cTextual
040 _aARTS
_cARTS
_bmar
041 _2mar
_amar
082 _aV2,1wM3x, 155B9
100 _aOk Venayka
_9226716
245 0 _aMahamadimala
260 _c1889
650 _aHISTORY
942 _hV2,1wM3x, 155B9
_cTEXL
_2CC
999 _c469880
_d469880